| 000 | 00534cam a22002291 4500 | ||
|---|---|---|---|
| 001 | 7961012 | ||
| 005 | 20180202075232.0 | ||
| 008 | 760830s1961 xx 000 0 eng | ||
| 010 | _a 60053281 | ||
| 015 | _aGB61-8947 | ||
| 035 | _a(OCoLC)2404330 | ||
| 040 |
_aDLC _cOTU _dUk _dDLC |
||
| 041 | _aeng | ||
| 042 | _apremarc | ||
| 080 | _a616.5 NOO | ||
| 082 | _a616.5 NOO | ||
| 100 | 1 | _a7 | |
| 101 | _aDER | ||
| 245 | 0 | 0 | _aDermatology for students. |
| 906 |
_a7 _bcbc _coclcrpl _du _encip _f19 _gy-gencatlg |
||
| 942 |
_2ddc _cBK |
||
| 999 |
_c41664 _d41664 |
||